[Event "Montpellier op"]
[Site "Montpellier"]
[Date "2006.12.??"]
[Round "1"]
[White "Prie, Eric"]
[Black "Juaneda, Didier"]
[Result "1-0"]
[WhiteElo "2516"]
[BlackElo "1720"]
[PlyCount "53"]
[EventDate "2006.12.26"]
[EventType "swiss"]
[EventRounds "9"]
[EventCountry "FRA"]
[SourceTitle "CBM 116 Extra"]
[Source "ChessBase"]
[SourceDate "2007.03.07"]
[SourceVersion "1"]
[SourceVersionDate "2007.03.07"]
[SourceQuality "1"]

1. d4 Nf6 2. Nf3 d5 3. a3 Bf5 4. c4 e6 5. cxd5 exd5 6. Qb3 b6 7. Nc3 Be7 8. Bf4 0-0 9. Rd1 c6 10. e3 Ne4 11. Bd3 Nd7 12. Nxd5 cxd5 13. Qxd5 Nxf2 14. Bxf5 Nxd1 15. Bxd7 Nxb2 16. Ne5 Bxa3 17. 0-0 Rc8 18. Qb3 Qe7 19. Bxc8 Rxc8 20. Bg5 Qxg5 21. Qxf7+ Kh8 22. Qe6 Qxe3+ 23. Kh1 Rf8 24. Nf7+ Rxf7 25. Qc8+ Bf8 26. Qxf8+ Rxf8 27. Rxf8# 1-0